Normal view
MARC view
Entry Topical Term
001 - CONTROL NUMBER
- control field: 13281
003 - CONTROL NUMBER IDENTIFIER
- control field: dpl
005 - DATE AND TIME OF LATEST TRANSACTION
- control field: 20100814123036.0
008 - FIXED-LENGTH DATA ELEMENTS
- fixed length control field: 100814|||a|||||| | ||| d
040 ## - CATALOGING SOURCE
- Original cataloging agency: dpl
- Transcribing agency: dpl
150 ## - HEADING--TOPICAL TERM
- Topical term or geographic name as entry element: Cultural revolution
670 ## - SOURCE DATA FOUND
- Source citation: Work cat.: (dpl)41870: Hunter, Iris 13280, They made revolution within the revolution : , 2008
670 ## - SOURCE DATA FOUND
- Source citation: Work cat.: (dpl)41870: Hunter, Iris 13280, They made revolution within the revolution : , 2008
